000 00594nam a2200193 4500
001 148374
003 ES-MaACL
005 20230906202604.0
007 t|
008 070214s1905 ne r ||||1| ger d
100 1 _aSteffens, Georg.
_9108001
245 1 0 _aDie Lieder des troveors Perrin von Angicourt /
_ckritisch herausgegeben und eingeleitet Georg Steffens.
260 _aHalle :
_bNiemeyer,
_c1905.
300 _a364 p. ;
_c20 cm.
490 1 _aRomanische bibliothek ;
_v18
830 0 _aRomanische bibliothek ;
_v18
_9220999
852 _aES-MaACL
_jG-13868
999 _c148374
_d148374